000 00666nam a2200229 a 4500
008
020 _a0070226105 (cased)
049 _aMAIN
090 _aHG4538
100 1 _aFry, Earl H.
245 1 4 _aThe politics of international investment /
_cEarl H. Fry.
260 _aNew York :
_bMcGraw-Hill,
_c1983.
300 _aix, 228 p. ;
_c24 cm.
504 _aIncludes bibliographical references.
500 _aIncludes index.
650 0 _aInvestments, Foreign
_xPolitical aspects.
907 _a.b10061915
_b25-07-03
_c17-04-03
003
005 20230123133354.0
040 _cNUST
942 _cBOOKS
_kHG4538
999 _c147439
_d147439